Państwa leżące nad Morzem Karaibskim - Statystyki

Ogólne statystyki
  • Ten quiz został rozwiązany 178 razy
  • Średni wynik to 16 z 20
Statystyki odpowiedzi
Kraj % Poprawnych
Dominika
94%
Dominikana
91%
Kuba
91%
Haiti
86%
Panama
85%
Jamajka
84%
Meksyk
84%
Honduras
82%
Saint Lucia
82%
Belize
79%
Gwatemala
79%
Saint Vincent i Grenadyny
79%
Trynidad i Tobago
79%
Nikaragua
78%
Kostaryka
76%
Antigua i Barbuda
75%
Grenada
75%
Saint Kitts i Nevis
72%
Wenezuela
72%
Kolumbia
68%
Nie znaleziono quizów pasujących do podanych kryteriów
Rozkład punktacji
Procent ludzi z każdym wynikiem
Percentyl według liczby udzielonych odpowiedzi
Twoja historia wyników
Nie rozwiązałeś tego quizu